000 00567nam a22001937a 4500
003 OSt
005 20250731030525.0
008 250731b |||||||| |||| 00| 0 eng d
020 _a9789719919582
040 _aDWCL-Main lib
_cOC
082 _aFil. 657.45 C117a 2014
100 _aCabrera, Ma. Elenita B.
245 _aApplied auditing/
_cMa. Elenita B. Cabrera
250 _a 2014 edition
260 _aManila :
_bGIC Enterprises,
_cc2015.
300 _axvii, 1191 pages :
_c23 cm.
650 _a1. Auditing.
942 _2ddc
_cBK - FIL
_e2014 edition
_kFil.
_n0
999 _c3916
_d3916